000 00679cam a2200157K 4500
082 _a954.0357
_bWILL
110 1 _aIndia.
_939679
245 1 0 _aIndia in 1920
_ba report prepared for presentation to Parliament in accordance with the requirements of the 26th section of the Government of India Act (5 & 6 Geo. V., Chap. 61)
_cby L.F. Rushbrook Williams.
260 _aCalcutta,
_bSuperintendent Govt. Print.,
_c1921.
300 _a1 online resource (275 p.)
_billus.
526 _a0
_b0
_c0
_d954_035700000000000_WILL
650 _aMCE
_9379
700 1 _aRushbrook Williams, L. F.
_950333
856 4 0 _uhttp://catalog.hathitrust.org/api/volumes/oclc/15865026.html
942 _2ddc
_cBK
999 _c553177
_d553177